| 000 | 00457nam a22001817a 4500 | ||
|---|---|---|---|
| 003 | NUST - PNEC | ||
| 005 | 20170116180854.0 | ||
| 008 | 150827b xxu||||| |||| 00| 0 eng d | ||
| 020 | _a0070193185 | ||
| 040 | _cLIBRARY | ||
| 082 | _a620 EID | ||
| 100 |
_95883 _aEide, Arvid R |
||
| 245 |
_aEngineering fundamentals and problem solving _cArvid R Eide |
||
| 250 | _a2nd ed | ||
| 260 | _cc1987. | ||
| 650 |
_95885 _aEngineering _xME-IME |
||
| 942 |
_2ddc _cBK |
||
| 999 |
_c64734 _d64734 |
||